LEADER 01400nam a2200301 i 4500 001 000000111218 003 CaOOAMICUS 005 20030110000000.0 008 030110s1977 it u000 u ita u 013 $a83900 040 $aSeMil$bita 100 1 $aBarthes, Roland,$d<1915-1980>.$0(OLS)http://semarc/name/23078 240 10$aSade, Fourier, Loyola.$0(OLS)http://semarc/title/161818 245 10$aSade, Fourier, Loyola :$bla scrittura come eccesso /$cRoland Barthes ; traduzione di Lidia Lonzi. 260 $aTorino :$bEinaudi,$ccopyr. 1977. 300 $aXVIII, 177 p. :$bill. ;$c19 cm. 490 0 $aNuovo politecnico ;$v91 500 $aContiene : Vite di Sade ; Vita di Fourier. - Fondo Card. C.M. Martini. 600 14$aSade, Donatien-Alphonse-Franēois : de <1740-1814>.$0(OLS)http://semarc/subject/19875 600 04$aIgnazio : di Loyola .$0(OLS)http://semarc/subject/467 650 4$aFourier, Charles.$0(OLS)http://semarc/subject/19874 700 1 $aLonzi, Lidia.$0(OLS)http://semarc/name/25203 830 0$aNuovo politecnico ;$v91.$0(OLS)http://semarc/title/6899 850 $aSeMil 852 $aSeMil$W1$xVenegono$y1$m1W I 206$j67053$B67053$CSeMilBibl$Z2$F102594 $81 941 1 $a4 996 $6245$aSade, Fourier, Loyola :$bla scrittura come eccesso$9(OLS)http://semarc/title/161817 996 $6260$aTorino :$bEinaudi$9(OLS)http://semarc/publisher/29884 LEADER 01490nam a2200277 i 4500 001 000000121018 003 CaOOAMICUS 005 20260127160858.0 008 031204s1968 it u000 u mul u 040 $aSeMil$bita 110 2 $aChiesa Cattolica.$0(OLS)http://semarc/name/987 245 10$aCanone Romano :$btradotto in lingua italiana approvato dalla Conferenza Episcopale Italiana e confermato dal «Consilium ad exsequendam Constitutionem de Sacra Liturgia». 264 1$a[Milano] :$bDaverio ;$a[Cittą del Vaticano] :$bLibreria Editrice Vaticana ;$aCasale Monferrato :$bMarietti,$c1968. 300 $a30 p. di tav. ;$c29 cm. 650 4$aLibri liturgici - Messale romano - Canone.$0(OLS)http://semarc/subject/59243 850 $aSeMil 852 $aSeMil$W1$xVenegono$y1$m3KK VII 21$j266689$B76142$CSeMilBibl$Z2$F81503 $8I 910 2 $aSanta Sede. 941 1 $a4 961 $aOmaggio: Martini Card. Carlo Maria 996 $6245$aCanone Romano :$btradotto in lingua italiana approvato dalla Conferenza Episcopale Italiana e confermato dal «Consilium ad exsequendam Constitutionem de Sacra Liturgia»$9(OLS)http://semarc/title/178143 996 $6264$a[Milano] :$bDaverio$9(OLS)http://semarc/publisher/30539 996 $6264$a[Cittą del Vaticano] :$bLibreria Editrice Vaticana$9(OLS)http://semarc/publisher/33859 996 $6264$aCasale Monferrato :$bMarietti$9(OLS)http://semarc/publisher/29936